000 00550nam a22001932 4500
001 0000009841
005 20151217152059.0
008 081203s xx 000 0 eng d
040 _aKABU
_cKABU
100 1 _aHanley, Gerald.
_@0000113919
245 1 0 _aMonsoon victory /
_cGerald Hanley.
250 _a1st ed.
260 _aLondon :
_bTransworld,
_c1958.
300 _a256 p.
651 0 _aGreat Britain
_xArmy
_xEast African Rifles.
_@0000161612
852 1 _9p100 KES
908 _a081203
950 _@1
999 _c8016
_d8016